[Event "XX SuperGM"]
[Site "Linares ESP"]
[Date "2003.02.22"]
[Round "1"]
[White "Radjabov, T."]
[Black "Leko, P."]
[Result "0-1"]
[WhiteElo "2624"]
[BlackElo "2736"]
[PlyCount "92"]
[EventDate "2003.02.22"]

1. d4 Nf6 2. c4 e6 3. Nf3 b6 4. Nc3 Bb7 5. a3 d5 6. cxd5 Nxd5 7. Qc2 Nxc3 8.
bxc3 Be7 9. e4 O-O 10. Bd3 c5 11. O-O Qc8 12. Qa2 (12. Qe2 Ba6 13. Bf4 Bxd3 14.
Qxd3 Nd7 15. a4 cxd4 16. cxd4 Qb7 17. Rab1 Rac8 18. Rfe1 Rfd8 19. a5 $14 {
1/2-1/2 Bagaturov,G-Gurevich,M/Vlissingen NED 1999 (34)}) 12... Rd8 13. Rd1 Ba6
14. Bxa6 Nxa6 15. Qe2 Qb7 16. h4 (16. Bf4 cxd4 17. cxd4 Rac8 18. Rd3 Nc7 19.
Ne5 Ne8 {
0-1 Gershon,A-Gurevich,M/Antwerp 1999/EXT 2000/[Gurevich,M] (33).  (33)} (19...
f6 20. Ng4 Kh8 (20... h5 21. Nh6+ gxh6 22. Qxh5 Qxe4 23. Rg3+ Kh8 24. Bxh6 $18)
21. Re1 Qa6 22. Qd1 Bxa3 23. Rh3 Bf8 24. Ne5 fxe5 25. Qh5 h6 26. Bxe5 Kh7 27.
Qf7 Qb5 28. Bf4 {1-0 Gershon,A-Hoeksema,E/Dieren NED 1999 (28)})) 16... Nc7 17.
h5 h6 18. Ne5 Ne8 19. Bb2 Nf6 20. Re1 b5 21. Rad1 cxd4 22. cxd4 b4 23. a4 Rac8
24. Rd3 Rc7 25. d5 exd5 26. exd5 Rxd5 27. Nxf7 Rxd3 (27... Kxf7 28. Bxf6 Rxd3
29. Qxd3 gxf6 30. Qg6+ Kf8 31. Qxh6+ Ke8 32. Qg6+ Kd7 33. Rd1+ Kc6 34. Qe8+ Kc5
35. h6) 28. Nxh6+ Kf8 (28... gxh6 29. Qxd3 Qc6 30. Qg6+ Kf8 31. Qxh6+ Kf7 32.
Qg6+ Kf8 33. h6 Bd8 34. Bxf6 Bxf6 35. h7 $18 Bg7 36. Qg5 {Threat Qf4+ winning.}
36... Qd7 37. Qf4+ Qf7 38. Qxb4+ Re7 39. Re4 Bf6 40. Rxe7 Qxe7 41. Qb8+ Qe8 42.
Qxa7) 29. Qxd3 Qd5 30. Qg3 Bd6 31. Qh3 Qxh5 32. Qxh5 Nxh5 33. Nf5 Bf4 34. Re4
Bd2 35. Nd4 Kf7 36. Re2 Bc1 37. Nb5 Nf4 38. Re4 Rc2 39. Nd6+ Kg6 40. Bxc1 Rxc1+
41. Kh2 Nd5 42. Nb5 b3 43. Re6+ Kh7 44. Re2 Rc2 45. Re1 b2 46. Rb1 a6 0-1

[Event "XX SuperGM"]
[Site "Linares ESP"]
[Date "2003.02.23"]
[Round "2"]
[White "Vallejo Pons, F."]
[Black "Anand, V."]
[Result "1/2-1/2"]
[WhiteElo "2629"]
[BlackElo "2753"]
[PlyCount "59"]
[EventDate "2003.02.22"]

1. Nf3 Nf6 2. c4 b6 3. d4 e6 4. g3 Ba6 5. Qb3 Nc6 (5... d5 $5 6. cxd5 Qxd5 (
6... exd5 7. Nc3 $14) 7. Nc3 Qxb3 8. axb3 Bb7 9. Bg2 a5 10. O-O Na6 11. Bf4 Bd6
12. Rfc1 O-O-O 13. Bxd6 Rxd6 14. e3 Bxf3 15. Bxf3 Nd5 {
1/2-1/2 Huzman,A-Kishnev,S/Halkidiki GRE 2002}) (5... c6 $5 6. Bf4 (6. Nc3 d5
7. cxd5 exd5 8. Bg5 Be7 9. Bg2 (9. Bxf6 $1 Bxf6 10. e4 dxe4 11. Nxe4 O-O 12.
O-O-O $36 {
1-0 Bauer,C-Sokolov,A/Val d'Isere FRA 2002/The Week in Chess 408 (61)}) 9...
O-O 10. O-O Nbd7 11. Rfe1 Re8 12. Rad1 Bb7 $11 {
1/2-1/2 Bykhovsky,A-Gofshtein,Z/Tel Aviv ISR 2002}) 6... d5 7. cxd5 Nxd5 (7...
cxd5 $2 8. Bxb8 $1 Bc4 9. Qa4+ $1 b5 10. Qc2 Rxb8 11. b3 $18) 8. Bg5 Be7 9.
Bxe7 Qxe7 10. Nbd2 O-O 11. e4 $14 {1/2-1/2 Topalov,V-Karpov,A/Dubai UAE 2002})
6. Nbd2 (6. Bd2 $5 Bb7 {/\Nd4} 7. Bc3 Ne4 8. a3 (8. Bg2 $2 Nxc3 9. bxc3 (9.
Nxc3 Nxd4 $19) 9... Na5 $17) 8... Nxc3 9. Qxc3 Be7 10. Qd3 $1 d5 11. cxd5 Qxd5
$32 12. e4 $2 $146 {0-1 Timman,J-Polgar,J/Malmo 2000/CBM 77/[Stohl] (40)} (12.
Nc3 $142 $14 {1/2,Epishin,V-Razuvaev,Y/RUS-ch St Petersburg/1998/ (28)})) 6...
d5 (6... Na5 $5 {Worth to be checked more!} 7. Qa4 Bb7 8. Bg2 c5 9. dxc5 bxc5
10. O-O Qc7 11. Rd1 Be7 (11... Nc6 $132) 12. Ng5 Bxg2 13. Kxg2 Rb8 14. Qc2 Qb7+
15. Kg1 Nc6 {1/2-1/2 Khalifman,A-Adams,M/Halkidiki}) 7. Bg2 (7. Qa4 $5 Bb7 8.
Bg2 (8. Ne5 Bd6 $1 9. Nxc6 Qd7 $15) 8... Qd7 9. O-O Bd6 10. Qc2 Nb4 11. Qd1 c5
$11 {0-1 Piket,J-Leko,P/Monaco MNC 2002}) 7... Bb7 (7... Bd6 $5 {
The quickest way to finish development.} 8. Qa4 Bb7 9. cxd5 (9. O-O O-O 10. a3
a5 11. e3 Ne7 $13) 9... exd5 10. Nc4 dxc4 11. Ne5 Bxe5 12. Bxc6+ Bxc6 13. Qxc6+
Kf8 14. dxe5 Qd5 $11 {1/2-1/2 Bykhovsky,A-Lerner,K/Tel Aviv ISR 2002}) (7...
Qd7 8. Qa4 Bb7 9. O-O Bd6 10. cxd5 exd5 11. Nb1 Ne4 12. Be3 Ne5 $1 $11 {
1/2-1/2 Gelfand,B-Grischuk,A/Moscow RUS 2002}) (7... Be7 8. Qa4 Bb7 9. cxd5
exd5 10. Nc4 dxc4 11. Ne5 Bb4+ $14 {1-0 Pelletier,Y-Naiditsch,A/Zurich GER 2002
} (11... Nd5 $1 12. Nxc6 Qd7 $15)) 8. O-O Bd6 (8... Be7 9. cxd5 exd5 (9... Qxd5
10. Qa4 (10. Ne5 $2 Nxd4 $3 11. Bxd5 Nxe2+ 12. Kh1 Bxd5+ $19) (10. Qc2 $5 Nxd4
$4 11. Qa4+ Nc6 12. Nd4 $18) 10... b5 11. Qd1 $14)) 9. cxd5 exd5 10. Nb1 O-O
11. Nc3 Na5 12. Qc2 h6 13. Bf4 Bxf4 14. gxf4 c5 15. Rad1 Qe7 16. Ne5 Rfd8 17.
e3 Nc6 18. Qf5 Nb4 19. Kh1 Rd6 20. a3 Na6 21. Nb5 Re6 22. Rg1 Nc7 23. Nxc7 Qxc7
24. Bf3 cxd4 25. Rxd4 Rae8 26. Qh3 Kh8 27. Rdd1 Qe7 28. Rg3 Rxe5 29. fxe5 Qxe5
30. b4 1/2-1/2

[Event "XX SuperGM"]
[Site "Linares ESP"]
[Date "2003.02.23"]
[Round "2"]
[White "Kasparov, G."]
[Black "Radjabov, T."]
[Result "0-1"]
[WhiteElo "2847"]
[BlackElo "2624"]
[PlyCount "78"]
[EventDate "2003.02.22"]

1. e4 e6 2. d4 d5 3. Nc3 Nf6 4. e5 Nfd7 5. f4 c5 6. Nf3 Nc6 7. Be3 a6 8. Qd2 b5
9. a3 Qb6 10. Ne2 c4 $6 (10... h6 11. dxc5 Bxc5 12. Ned4 Nxd4 13. Nxd4 Qc7 14.
O-O-O Nb6 15. Qa5 O-O 16. b4 Be7 17. Nxb5 axb5 18. Qxb6 Qc3 19. Bd4 Qxa3+ 20.
Bb2 Qxb4 21. Rd4 Qe1+ 22. Rd1 Qe4 23. Qf2 Ba3 24. Rd4 Bxb2+ 25. Kxb2 Qg6 26.
Bd3 f5 27. Rb4 Bd7 28. Rb1 Rfb8 29. Kc1 Qe8 30. h3 Qc8 31. g4 Ra3 32. Qd4 Qc3
33. Qxc3 Rxc3 34. gxf5 exf5 35. Bxb5 Bxb5 36. Rxb5 Rbc8 37. R1b2 d4 38. Rb8 d3
39. Rxc8+ Rxc8 40. Kd2 dxc2 41. Rxc2 Rxc2+ 42. Kxc2 g5 43. Kd2 Kf7 44. Ke3 Ke7
45. h4 g4 {1/2-1/2 Szefer,M-Delega,T/Warsaw 1996/EXT 2001 (45).}) 11. g4 h5 12.
gxh5 Rxh5 13. Ng3 Rh8 14. f5 $6 exf5 15. Nxf5 Nf6 $1 16. Ng3 Ng4 17. Bf4 Be6
18. c3 Be7 19. Ng5 O-O-O 20. Nxe6 fxe6 21. Be2 Ngxe5 22. Qe3 Nd7 23. Qxe6 Bh4
24. Qg4 $2 g5 25. Bd2 (25. Bxg5 $2 Rdg8) 25... Rde8 26. O-O-O Na5 27. Rdf1 $4 (
27. Kb1) 27... Nb3+ 28. Kd1 Bxg3 29. Rf7 (29. hxg3 Qg6 30. Bc1 Qb1 31. Qxg5
Rhg8 32. Qf4 Re4 33. Qh6 Rg6 $1) (29. Qxg3 Qg6 30. Bc1 Rxe2 31. Kxe2 Qc2+ 32.
Kf3 Qe4+ 33. Kf2 Rf8+ 34. Kg1 Rxf1+ 35. Kxf1 Qxh1+) 29... Rd8 30. Bxg5 Qg6 31.
Qf5 Qxf5 32. Rxf5 Rdf8 33. Rxf8+ Nxf8 34. Bf3 Bh4 35. Be3 Nd7 36. Bxd5 Re8 37.
Bh6 Ndc5 38. Bf7 Re7 39. Bh5 Nd3 0-1

[Event "XX SuperGM"]
[Site "Linares ESP"]
[Date "2003.02.23"]
[Round "2"]
[White "Ponomariov, R."]
[Black "Kramnik, V."]
[Result "0-1"]
[WhiteElo "2734"]
[BlackElo "2807"]
[PlyCount "80"]
[EventDate "2003.02.22"]

1. e4 c5 2. Nf3 Nc6 3. Bb5 g6 4. Bxc6 dxc6 5. h3 Bg7 6. d3 Nf6 7. Nc3 Nd7 8.
Be3 e5 9. Qd2 h6 10. O-O Qe7 11. a3 Nf8 12. b4 Ne6 13. Na4 b6 (13... Nd4 14.
Nh2 b6 15. Rab1 Ba6 16. f4 exf4 17. Bxf4 Ne6 18. Be3 c4 19. Nf3 cxd3 20. cxd3
Rd8 21. Nb2 g5 22. Rfd1 O-O 23. Qc2 f5 24. exf5 Rxf5 25. Nc4 c5 26. bxc5 bxc5
27. Na5 Rdf8 28. Nh2 Kh8 29. Re1 Qd8 30. Nc4 Qd5 31. Ng4 Bb7 32. Rxb7 Qxb7 33.
Nd6 Nd4 34. Qc4 Qd7 35. Nxf5 Qxf5 36. Nf2 h5 37. Ne4 g4 38. hxg4 hxg4 39. Ng3
Qe5 40. Ne4 Qf5 41. Ng3 Qe5 42. Kh2 Rf5 43. Bf2 Qb8 44. Qa2 Be5 45. Re4 Qf8 46.
Bxd4 cxd4 47. Rxe5 Rxe5 48. Qc4 Qh6+ 49. Kg1 Re1+ 50. Nf1 Qe3+ 51. Kh2 Qf4+ {
0-1 Ulibin,M-Degerman,L/Stockholm 1996/CBM 57 ext (51).}) 14. Nh2 f5 15. f3 f4
16. Bf2 h5 17. bxc5 b5 18. Nb2 g5 19. d4 exd4 20. Nd3 Nxc5 21. Nxc5 Qxc5 22.
Rfd1 Be6 23. Qb4 Qb6 24. a4 c5 25. Qxb5+ Qxb5 26. axb5 Kf7 27. Ra5 Rhb8 28. Nf1
Be5 29. Rda1 d3 $1 30. Rxa7+ Kf6 31. Rxa8 Rxa8 32. Rxa8 (32. Rc1 Bb2) 32...
dxc2 33. Rf8+ Kg6 34. Re8 Kf7 35. Rf8+ Kg6 36. Re8 Bc4 37. Rxe5 c1=Q 38. Rxc5
Qxf1+ 39. Kh2 Qxf2 40. Rxc4 g4 0-1

[Event "XX SuperGM"]
[Site "Linares ESP"]
[Date "2003.02.24"]
[Round "3"]
[White "Leko, P."]
[Black "Kasparov, G."]
[Result "1/2-1/2"]
[WhiteElo "2736"]
[BlackElo "2847"]
[PlyCount "173"]
[EventDate "2003.02.22"]

{Some comments given by Mig during the live broadcast at Playchess.com are
included.} 1. e4 c5 2. Nf3 d6 3. d4 cxd4 4. Nxd4 Nf6 5. Nc3 a6 6. f3 e6 7. Be3
Nc6 8. Qd2 Be7 9. O-O-O O-O 10. g4 Nxd4 11. Bxd4 b5 12. g5 Nd7 13. h4 Qc7 14.
Kb1 b4 (14... Bb7 15. g6 fxg6 16. h5 Ne5 17. Bxe5 dxe5 18. Qd7 Bd8 19. Qxe6+
Qf7 20. Bh3 Bc8 21. Qxf7+ Kxf7 22. hxg6+ hxg6 23. Bxc8 Rxc8 24. Rd7+ Kg8 25.
Rh3 Rc6 26. Nd5 g5 27. c3 g4 28. Rg3 Rh6 29. Rxg4 g6 30. Kc2 Kh8 31. Rd6 Kh7
32. Rd7+ Kh8 33. Kb3 a5 34. a4 b4 35. Kc4 bxc3 36. bxc3 g5 37. Rg3 Rh1 38. Kb5
Rg8 39. c4 Rb1+ 40. Kc6 Rg6+ 41. Rd6 Kg7 42. c5 Rc1 43. Rxg6+ Kxg6 44. Kd7 Rxc5
45. Kxd8 Rc4 46. Nb6 Rb4 {
1-0 Cioara,A-Efimov,I/Porto San Giorgio 2002/CBM 89 ext (46).}) 15. Na4 Bb7 16.
b3 Bc6 17. Nb2 a5 18. h5 Ne5 19. Be2 a4 20. Nc4 Bb5 21. Nb6 Rab8 22. h6 Bxe2
23. Qxe2 g6 24. f4 Nc6 25. Nxa4 Nxd4 26. Rxd4 e5 27. Rc4 Qa5 28. f5 Bxg5 29.
Rc6 Rfd8 30. Qg4 Be7 31. Rd1 (31. c4) (31. c3 Kh8) 31... Qa7 32. c3 Bf8 33.
fxg6 hxg6 34. h7+ Kh8 35. cxb4 Rxb4 36. Qf3 Rdb8 37. Nc3 Qb7 38. Rcxd6 $2 (38.
Nd5 Qxc6 39. Nxb4 $1) 38... Rxb3+ $1 39. Ka1 (39. axb3 Qxb3+ 40. Kc1 Qb2#)
39... Rxc3 (39... Rb2) 40. Qf6+ Kxh7 41. Rb6 {Spectacular, but the only move.}
41... Qc7 42. Rh1+ Bh6 43. Rxb8 Rc1+ 44. Rxc1 Qxc1+ 45. Rb1 Qc3+ 46. Rb2 Qe1+
47. Rb1 Qc3+ 48. Rb2 Kg8 49. a4 Bc1 50. Qb6 {I think this is a clear win now.
The white king is just too open.  His e-pawn gets picked off in many lines 
and black will still have two reserves!    Like most endgames,  it's all a
question of time. Since  white has to lose a move to break the  pin and move
his king, there is no  point in capturing on b2 yet.  } 50... Kg7 {So Kasparov
used his  'extra move' to get his king off the  back rank and away from queen
check and also safe from the white a-pawn  queening with check.    The more
you look, the  harder it is to find a concrete winning  line for Kasparov. I'm
sure he found that  out himself long ago! Just pushing the pawn is not enough.
  } 51. Ka2 (51. Qb4 Bxb2+ 52. Qxb2 Qe1+ 53. Qb1 Qd2 54. Qb5 Qc1+ 55. Ka2 Qc2+
56. Ka3 Qxe4 57. a5 g5 58. a6 g4 59. Qb7) 51... Bxb2 52. Qxb2 Qc4+ 53. Ka3 Qxe4
54. a5 g5 55. Qd2 {Watch one trick in these  endgames. If Black plays his king
to g6 and there is a pawn race, white queens the a-pawn, black  queens the
g-pawn, and Qg8+ wins the black queen.    This is either  winning or it isn't.
Computers need evals in order to decide what to play, so their move 
suggestions are interesting. BUT, it is not  relevant to evaluating the
position. There  are many +3 positions that are dead draws (or theoretical
wins) computers don't understand.  } 55... Qf4 56. Qd8 {Now black catches up
in  "queening time" because if the white pawn goes to a7, Qe3+ puts it back in
the box. So white will have to lose  another move with his queen to protect
the  a-pawn.} 56... Qc1+ {Hmm, interesting choice by  Kasparov. Not sure how
the queen can be better on c1 than on f4. Too subtle for me.} (56... g4 $1 57.
a6 g3 58. a7 Qf3+ {
Now the queen covers the h5 square, so there is no perpetual check!} 59. Kb4 g2
$19 60. a8=Q Qxa8 61. Qxa8 g1=Q $19) 57. Kb4 Qb2+ 58. Kc5 Qc3+ 59. Kb5 {
So the queen gets back to  the right diagonal with Qe3+ and THEN g4. I  hope!

} 59... Qb3+ {In his infinite wisdom, Garry  decided e3 was better than f4 for
the queen. From e3 it covers the critical a7 square.  } 60. Kc5 {I'm still not
sure if it  really gains a tempo over the immediate  56...g4 line, but I'm
willing to give him  the benefit of the doubt! Mostly I think he  wanted to
make move 60 and get more time.} 60... Qc3+ 61. Kb5 Qb3+ 62. Kc5 Qe3+ {
All those checks were exactly  what the principles of endgame play tell you
NOT  to do! The white king was less active back on a3. But it shouldn't really
matter in this line where the white king is.} 63. Kb4 Qe4+ {f3 was a key
square for the black queen. It eliminated  the perpetual. Now black doesn't
have access to that square with check. From f3, the black queen covered the h5
square, so no perpetual. Now it looks like a draw.  } 64. Kc5 Qc2+ 65. Kb5 Qe2+
66. Kb6 Qe3+ 67. Kc6 g4 68. a6 g3 69. a7 g2 70. a8=Q {Qe4+ Kc7 Qxa8 Qg5+ draw.
And we should note that it's because of the  active king on c7  } 70... Qe4+
71. Qd5 $4 (71. Kc7 Qc4+ 72. Kb7 Qb3+ 73. Kc6 Qc2+ 74. Kb5 Qe2+ 75. Kc6 Qe4+
76. Kc7 Qxa8 77. Qg5+ Kh7 78. Qh5+ Kg8 79. Qg5+ Kf8 80. Qh6+ Ke7 81. Qd6+ {
Thanks to the active white king, white has a perpetual check!}) 71... Qc2+ $2 (
71... Qxd5+ 72. Kxd5 g1=Q 73. Kxe5 {A ChessBase program with tablebases will
now happily inform you that this position is mate in 62! But that would almost
certainly be harder for Black to win than the queen endgame with two black
pawns.} 73... Qg5+ 74. Kd4 Qd2+ 75. Kc5 Qe3+ 76. Kb5 f5 77. Qd5 Kg6 78. Qg8+
Kh5 79. Qf7+ Kg4 80. Qg6+ Qg5 81. Qe6 Qf4 82. Kb6 Kg3 83. Qb3+ Qf3 84. Qg8+ Kf2
85. Qh8 f4 86. Kc7 Qe3 87. Qb2+ Kf3 88. Kb8 Qe8+ 89. Kb7 Qe7+ 90. Ka8 Qf8+ 91.
Kb7 Kg3 92. Qd4 Qe7+ 93. Ka8 Qa3+ 94. Kb7 f3 95. Qg1+ Kf4 96. Qd4+ Kf5 97. Qd5+
Kg4 98. Qd4+ Kh3 99. Qh8+ Kg2 100. Qg8+ Kf1 101. Qc4+ Ke1 102. Qe4+ Kd2 103.
Qd4+ Kc2 104. Qb6 Kc1 (104... Qb3 105. Ka8 $1) 105. Qg1+ Kb2 106. Qg3 Ka2 107.
Qf4 Ka1 108. Kc6 Qd3 109. Qc1+ Ka2 110. Qc5 Kb2 111. Qb4+ Qb3 112. Qh4 Qc2+
113. Kd7 f2 114. Qd4+ Kb1 115. Qb4+ Kc1 116. Qa3+ Qb2 117. Qa6 Qd2+ 118. Ke7
Qe1+ 119. Kd6 f1=Q 120. Qa1+ Kc2 121. Qa2+ Kc3 122. Qa3+ Kc4 123. Qc5+ Kb3 124.
Qd5+ Qc4 125. Qb7+ Kc3 126. Qf3+ Qd3+ 127. Qxd3+ Kxd3 128. Kc6 Kc4 129. Kc7 Qe6
130. Kb8 Qd7 131. Ka8 Kb5 132. Kb8 Ka6 133. Ka8 Qe8# {Yep, that's 62!}) 72. Kd6
Qg6+ 73. Kc7 g1=Q 74. Qxe5+ Qf6 (74... f6 {This move offered the last of the
winning chances, although very difficult to prosecute. Both players were down
to their last minutes.}) 75. Qh8+ Kxh8 76. Qxf6+ Qg7 77. Qh4+ Kg8 78. Kd6 Qg6+
79. Ke5 Kg7 80. Qe7 {Dead draw now.
} 80... Qg3+ 81. Kf5 Qg6+ 82. Ke5 Qh6 83.
Kf5 Qg6+ 84. Ke5 Kh7 85. Qh4+ Kg8 86. Qd8+ Kg7 87. Qe7 {
Three time repetition claimed by Leko.} 1/2-1/2

[Event "XX SuperGM"]
[Site "Linares ESP"]
[Date "2003.02.24"]
[Round "3"]
[White "Radjabov, T."]
[Black "Ponomariov, R."]
[Result "1/2-1/2"]
[WhiteElo "2624"]
[BlackElo "2734"]
[PlyCount "21"]
[EventDate "2003.02.22"]

1. d4 d5 2. c4 e6 3. Nf3 Nf6 4. Nc3 Be7 5. Qc2 c5 6. cxd5 cxd4 7. Nxd4 O-O 8.
Bg5 Nxd5 (8... h6 9. Bxf6 Bxf6 10. e3 exd5 11. Be2 Nc6 12. Nxc6 bxc6 {
0-1 Tomaszewski,R-Boensch,U/Halle 1987/CBM 05 (39).  (38)}) 9. Bxe7 Nxe7 10.
Rd1 Qb6 11. Qb3 1/2-1/2

[Event "XX SuperGM"]
[Site "Linares ESP"]
[Date "2003.02.24"]
[Round "3"]
[White "Kramnik, V."]
[Black "Vallejo Pons, F."]
[Result "1/2-1/2"]
[WhiteElo "2807"]
[BlackElo "2629"]
[PlyCount "60"]
[EventDate "2003.02.22"]

1. d4 d5 2. c4 c6 3. Nf3 Nf6 4. Nc3 e6 5. Bg5 h6 6. Bxf6 Qxf6 7. g3 Nd7 8. Bg2
dxc4 9. O-O Be7 10. e3 O-O 11. Qe2 e5 12. Qxc4 Nb6 (12... exd4 13. Nxd4 Ne5 14.
Qb3 Rd8 15. f4 Ng4 16. Ne4 Qg6 17. f5 Qh7 18. h3 Nf6 19. g4 {
1-0 Tukmakov,V-Sveshnikov,E/Kujbyshev 1986/MCL (62).  (61)}) 13. Qb3 (13. Qe2
exd4 14. Nxd4 Be6 15. b3 Rad8 16. Rad1 Bb4 17. Ne4 Qe7 18. Nxe6 Qxe6 19. Qc2
Qe7 20. g4 Rxd1 21. Rxd1 Rd8 {
1/2-1/2 Iljushin,A-Yevseev,D/Nizhnij Novgorod 1999/EXT 2001 (21).}) 13... Be6
14. dxe5 Qxf3 15. Bxf3 Bxb3 16. axb3 Nd7 17. Be2 Nxe5 18. Rfd1 Rfd8 19. Rxd8+
Bxd8 20. Rd1 Bb6 21. Na4 Rd8 22. Nxb6 Rxd1+ 23. Bxd1 axb6 24. Kf1 Kf8 25. Ke2
Ke7 26. f4 Nd7 27. e4 f6 28. b4 b5 29. Kd3 Nb8 30. Bg4 Kd6 1/2-1/2

[Event "XX SuperGM"]
[Site "Linares ESP"]
[Date "2003.02.25"]
[Round "4"]
[White "Vallejo Pons, F."]
[Black "Radjabov, T."]
[Result "1/2-1/2"]
[WhiteElo "2629"]
[BlackElo "2624"]
[PlyCount "96"]
[EventDate "2003.02.22"]

1. e4 e6 2. d4 d5 3. Nc3 Nf6 4. Bg5 Bb4 5. e5 h6 6. Bc1 Ne4 7. Qg4 g6 8. Nge2
c5 9. a3 Bxc3+ (9... Ba5 10. b4 Nxc3 11. Nxc3 cxb4 $6 (11... cxd4 {
1/2-1/2 Forster,R-Quinn,M/WchJM-U18 1993 (18)}) 12. Nb5 b3+ 13. Bd2 Bxd2+ 14.
Kxd2 Qa5+ 15. c3 Nc6 16. Qf4 Kf8 17. Bd3 $16 {
Foerster,R-Eggenberger,U/Bad Ragaz op 1992 (22)}) (9... cxd4 10. axb4 dxc3 11.
f3 $5 cxb2 12. Bxb2 Qg5 13. Qxg5 Nxg5 14. h4 Nh7 15. Nd4 O-O 16. Bd3 $36 {
Klavins,J-Shagalovich,A/URS-chT 1962 (37)}) 10. bxc3 ({Nothing special promises
} 10. Nxc3 Nxc3 11. bxc3 Qa5) 10... cxd4 ({Black can not play typical} 10...
Qa5 $2 {because of} 11. f3 $1 Nxc3 12. Bd2 cxd4 13. Nxd4 $1 (13. Qxd4 Nxe2 14.
Bxe2 Nc6 15. Qf4 Qc7 16. Bb5 Bd7 $13) 13... Qc7 14. Qf4 Nd7 15. a4 $1 $16 {
and the knight is trapped.}) 11. cxd4 Qc7 12. f3 Nc3 13. Bd2 Na4 (13... Nxe2
14. Bxe2 Bd7 (14... Qxc2 $4 15. Rc1 $18)) 14. Nf4 a6 15. c4 dxc4 16. Bxc4 Nc6
17. Rc1 Qe7 18. O-O Nb6 19. Nd3 Qxa3 20. Ra1 Qe7 21. Bb3 Qd8 22. Be3 Nd5 23.
Bf2 h5 24. Qe4 Nc3 25. Qe1 Nxd4 26. Bd1 Ndb5 27. Nc5 O-O 28. Ba4 Nxa4 29. Rxa4
f5 30. Qc1 Kh7 31. Rc4 Qe8 32. Qg5 b6 33. Na4 Bb7 34. Be3 Qf7 35. Nxb6 Rad8 36.
Rfc1 Qg7 37. h3 Rd3 38. Bc5 Rf7 39. Bf2 Qxe5 40. Re1 Qg7 41. Rxe6 Nd4 42. Re1
f4 43. Bxd4 Rxd4 44. Kh1 Rd6 45. Na4 Rd5 46. Qh4 Qf8 47. Qf2 Qd6 48. Nc5 Rdf5
1/2-1/2

[Event "XX SuperGM"]
[Site "Linares ESP"]
[Date "2003.02.25"]
[Round "4"]
[White "Anand, V."]
[Black "Kramnik, V."]
[Result "1/2-1/2"]
[WhiteElo "2753"]
[BlackElo "2807"]
[PlyCount "32"]
[EventDate "2003.02.22"]

1. e4 c5 2. Nf3 Nc6 3. Nc3 Nf6 4. Bb5 Qc7 5. O-O Nd4 6. Re1 a6 7. e5 Nxb5 8.
exf6 Nxc3 9. fxg7 Bxg7 10. dxc3 d6 11. Ng5 Bf5 12. a4 (12. f4 Qd7 13. h3 h6 14.
Ne4 O-O-O 15. Qf3 Rhg8 16. Be3 Bxe4 17. Qxe4 Bf6 18. f5 h5 19. Rad1 Qc6 20. Bf2
Rg7 21. Rd3 Qxe4 22. Rxe4 Rdg8 23. g3 Rg5 24. Rf3 Kd7 25. Kg2 Be5 26. b4 f6 27.
Re1 cxb4 28. cxb4 Rc8 29. Re2 Rc4 30. Be1 Rg8 31. Rfe3 d5 32. Rd3 Kc6 33. c3
Rd8 34. Bf2 Rc8 35. a3 Rc7 36. Bd4 Bxd4 37. cxd4 Kd7 38. Kf3 Rc3 39. Red2 Rxd3+
40. Rxd3 Rc1 41. Kf2 Rc2+ 42. Kf3 Rc1 43. Kf2 Kd8 44. h4 Kc8 45. Ke2 {
1/2-1/2 Nedev,T-Eljanov,P/Bled 2002/CBM 89 ext (45).}) 12... Qc6 13. Qe2 Bf6
14. Ne4 Bxe4 15. Qxe4 Qxe4 16. Rxe4 d5 1/2-1/2